Market research : Using forecasting in business

Bibliographic Details
Main Author: Clifton, Peter
Other Authors: Nguyen, Hai, Nutt, Susan
Format: Book
Published: Oxford : Butterworth-Heinemann , 1992
Subjects:

MARC

LEADER 00000cam a2200000 7i4500
001 0000006559
005 20050418.0
020 |a 0750601531 
040 |a INS 
090 0 0 |a HF5415.2.   |b C55 1992 
100 1 |a Clifton, Peter 
245 1 0 |a Market research :   |b Using forecasting in business   |c Peter Clifton, Hai Nguyen, Susan Nutt 
260 |a Oxford :   |b Butterworth-Heinemann ,   |c 1992 
300 |a xiv; 266 p. ;   |c 24 cm. 
650 0 0 |a Business forecasting 
650 0 0 |a Marketing research 
700 1 |a Nguyen, Hai 
700 1 |a Nutt, Susan 
999 |a 0000007631   |b BOOK   |c Open Shelf   |e Default branch